01753cam a2200337 a 4500001001300000003000400013005001700017008004100034010001700075040001900092043001200111050002000123051003000143100005400173245037100227260006600598300004900664500010800713500003100821510001700852510005100869650005200920650004600972650004401018650003901062650005501101710006901156710006401225710005901289710006701348ca 09002872 DLC20260227111049.0980924s1797 nyu 000 0 eng  aca 09002872  aDLCcDLCedcrb an-us-ny00aKFX2048.5b.M58 aAC901b.H3 vol. 85, no. 81 aMitchill, Samuel L.q(Samuel Latham),d1764-1831.14aThe case of the manufacturers of soap & candles, in the city of New-York, stated and examined :bto which are prefixed, the laws of the state of New-York, concerning infectious diseases : with an addition, in form of an appendix, containing, several documents and papers, relative to these subjects : published by the Association of Tallow Chandlers and Soap Makers. aNew-York :bPrinted by John Buel, for the Association,c1797. a62, [2] p. (last leaf blank) ;c21 cm. (8vo) aAttributed to Samuel Latham Mitchill. Cf. Hall, C.R. A scientist in the early republic, 1934, p. [141]. aSignatures: [A]⁴ B-H⁴.4 aEvansc325644 aAustin, R.B. Early Amer. medical imprints,c90 0aPublic health lawszNew York (State)zNew York. 0aCandlemakingzNew York (State)zNew York. 0aSoap tradezNew York (State)zNew York. 0aCommunicable diseasesxPrevention. 0aCommunicable diseaseszNew York (State)zNew York.2 aAssociation of Tallow Chandlers and Soap Makers (New York, N.Y.)2 aJoseph Meredith Toner Collection (Library of Congress)5DLC2 aAmerican Imprint Collection (Library of Congress)5DLC2 aEbenezer Hazard Pamphlet Collection (Library of Congress)5DLC